000 00700nam a2200265Ia 4500
005 20260121165002.0
008 008 260114s9999 xx 000 0 eng d
020 _a9781137465962
037 _aEBOOK
040 _aCRL
040 _beng
040 _cCRL
041 _2eng
041 _aeng
084 _qCRL
100 _aClaudia Tazreiter, Leanne Weber, Sharon Pickering, Marie Segrave, Helen McKernan
_91046110
245 0 _aFluid Security in the Asia Pacific
260 _bSpringer
260 _bSpringer
260 _c2016
856 _uhttps://link.springer.com/openurl?genre=book&isbn=978-1-137-46596-2
942 _cEBOOK
999 _c1611834
_d1611834